Pretty Polly : and other stories /

Bibliographic Details
Main Author: Coward, Noel, 1899-1973
Format: Book
Language:English
Published: New York : Doubleday, 1965.
Edition:1st ed.

MARC

Tag First Indicator Second Indicator Subfields
LEADER 00000cam a2200000 4500
001 in00000025603
005 20220819183739.7
008 720829r19651964nyu 000 1 eng u
010 |a  65010642  
035 |a (OCoLC)00394219 
035 |9 AAD5062AM 
040 |c OUN  |d TXA  |d UtOrBLW 
049 |a TXAM  |c [419925] 
050 0 |a PZ3.C83743  |b Pr2 
090 |a PR6005.O85  |b P73 1965 
092 |a 823  |b C874pr 
100 1 |a Coward, Noel,  |d 1899-1973. 
245 1 0 |a Pretty Polly :  |b and other stories /  |c [by] Noel Coward. 
250 |a 1st ed. 
264 1 |a New York :  |b Doubleday,  |c 1965. 
300 |a 227 pages ;  |c 22 cm. 
336 |a text  |b txt  |2 rdacontent 
337 |a unmediated  |b n  |2 rdamedia 
338 |a volume  |b nc  |2 rdacarrier 
500 |a First published in London in 1964 under title: Pretty Polly Barlow, and other stories. 
505 0 |a Pretty Polly.--Mrs. Capper's birthday.--Me and the girls. 
740 0 |a Mrs. Capper's birthday. 
740 0 |a Me and the girls. 
999 |a MARS 
999 f f |s 053e10b2-75c4-367c-84ad-062fefd445dd  |i 386bbf4c-415c-37fc-97b0-b276669afc65  |t 0 
952 f f |p normal  |a Texas A&M University  |b College Station  |c Sterling C. Evans Library  |d Evans: Library Stacks  |t 0  |e PR6005.O85 P73 1965  |h Library of Congress classification  |i unmediated -- volume  |m A14801315803 
952 f f |p noncirc  |a Texas A&M University  |b J.J. Pickle Campus  |c High Density Repository  |d Remote Storage  |t 0  |e PR6005.O85 P73 1965  |h Library of Congress classification  |i unmediated -- volume  |m A14853269229 
998 f f |a PR6005.O85 P73 1965  |t 0  |l Remote Storage 
998 f f |a PR6005.O85 P73 1965  |t 0  |l Evans: Library Stacks